- Reporteros y reportajes
Entry Materia
001 - NÚMERO DE CONTROL DEL REGISTRO
- campo de control: 20969
003 - IDENTIFICADOR DE NUMERO DE CONTROL
- campo de control: MX-MxUPN
005 - FECHA Y HORA DE LA ÚLTIMA TRANSACCIÓN
- campo de control: 20240523132703.0
008 - DATOS DE LONGITUD FIJA
- campo de control de longitud fija: 240523nn|acannbabn | a|a |d
035 ## - NÚMERO DE CONTROL DEL SISTEMA
- Número de control del sistema: UPN10000020978
040 ## - FUENTE DE LA CATALOGACIÓN
- Lengua de catalogación: spa
- Agencia de transcripción: MX-MxUPN
- Centro catalogador de origen: MX-MxUPN
053 #0 - NÚMERO CLASIFICADOR - BIBLIOTECA DEL CONGRESO (LC)
- Elemento numérico de la clasificación - Número único o no. inicial del rango: JK1128
- Frase explicativa: Congresos
053 #0 - NÚMERO CLASIFICADOR - BIBLIOTECA DEL CONGRESO (LC)
- Elemento numérico de la clasificación - Número único o no. inicial del rango: PN4781
- Frase explicativa: Periodismo
150 ## - ENCABEZAMIENTO - TEMÁTICO
- Término de materia o nombre geográfico como elemento inicial: Reporteros y reportajes
360 ## - REFERENCIA COMPLEJA DE VÉASE ADEMÁS - MATERIA
- Texto explicativo: subdivisión
- Encabezamiento al que se remite: Reporteros y reportaje
- Texto explicativo: bajo nombres de cuerpos legislativos e.g.
- Encabezamiento al que se remite: Estados Unidos. Congresos -- Reporteros y reportajes
450 ## - VÉASE - MATERIA
- Encabezamiento temático: Reportajes
670 ## - FUENTE EN LA QUE SE LOCALIZARON DATOS
- Cita de la fuente: E/P
670 ## - FUENTE EN LA QUE SE LOCALIZARON DATOS
- Información localizada: (Reporters and reporting)
- Identificador Uniforme del Recurso: https://lccn.loc.gov/sh85112929
902 ## - CATALOGADOR
- Catalogador: CAA/141095
